Clothing Emojis - Statistics

General Stats
  • This quiz has been taken 13 times
  • The average score is 19 of 30
Answer Stats
Emoji Animal % Correct
πŸ‘™ Bikini
92%
🧒 Billed Cap
92%
πŸ‘— Dress
92%
πŸ‘• T-Shirt
92%
πŸ₯ΎπŸ‘’ Boot
83%
πŸ‘  High Heels
83%
🩳 Shorts
83%
πŸ₯Š Boxing Glove
75%
🧀 Gloves
75%
πŸ‘– Jeans
75%
πŸ‘” Necktie
75%
🧣 Scarf
75%
πŸ‘‘ Crown
67%
πŸ©΄πŸ‘‘ Sandal
67%
🧦 Socks
67%
🩰 Ballet Shoes
58%
🩲 Briefs
58%
πŸ§₯ Coat
58%
πŸͺ–β›‘ Helmet
58%
πŸŽ“ Graduation Cap
50%
πŸ‘ž Man's Shoe
50%
🩱 One-Piece Swimsuit
50%
πŸ‘Ÿ Running Shoe
50%
🦺 Safety Vest
50%
🎩 Top Hat
50%
πŸ₯Ώ Flat Shoe
33%
πŸ‘˜ Kimono
33%
πŸ₯» Sari
33%
πŸ₯Ό Lab Coat
25%
πŸ₯‹ Martial Arts Uniform
25%
No matching quizzes found
Score Distribution
Percent of People with Each Score
Percentile by Number Answered
Your Score History
You have not taken this quiz